Представление документа в формате MARC21

Поле Инд. ПП Название Значение
Тип записи a
Библиографический уровень m
001 Контрольный номер RU/IS/BASE/132670967
005 Дата корректировки 20250904142946.5
020 a ISBN 5-94483-009-3
084 a Индекс другой классификации/Индекс ББК 87.3(0)43-361я44; 87.3(0)414-8Экхарт М.я44
090 a Полочн. индекс 87.3(0)43-361я44 испр.
x Авторский знак Э 44
100 1_ a Автор Экхарт М.
q Полное имя Экхарт Иоганн (Майстер)
u Дополнение к имени Eckhart M.
245 10 a Заглавие Об отрешенности
c Ответственность составитель, перевод со средневерхненемецкого и латинского языков, предисловие, примечания М. Ю. Реутина; научный редактор М. Ю. Реутин; художник П. П. Ефремов; главный редактор, автор проекта серии С. Я. Левит; редколлегия серии: Л. В. Скворцов, В. В. Бычков, П. П. Гайденко [и др.]
246 01 a Другая форма заглавия Von abegescheidenheit
260 a Место издания Москва
260 a Место издания Санкт-Петербург
b Издательство Университетская книга
c Дата издания 2001
300 a Объем 432 с.
336 a Термин вида содержания Текст
337 a Термин типа средства непосредственный
440 _0 a Серия Книга Света
504 a Библиография Примеч.: с. 344-427. - Указ. имен: с. 428-430
505 0_ a Форматированное содержание Liber "Benedictus"
505 0_ a Форматированное содержание Апология Экхарта
505 0_ a Форматированное содержание Книжица истины
b Автор Сузо Г.
505 0_ a Форматированное содержание Материалы к инквизиционному процессу против Майстера Экхарта
505 0_ a Форматированное содержание Об отрешенности
505 0_ a Форматированное содержание Общий пролог к Трехчастному труду
505 0_ a Форматированное содержание Речи наставления
505 0_ a Форматированное содержание Толкование на книгу Бытия
600 14 a Персоналии Августин Блаженный Аврелий
a Персоналии Аристотель
a Персоналии Боэций Аниций Манлий Северин
a Персоналии Григорий I Великий (рим. папа)
a Персоналии Дионисий Ареопагит
a Персоналии Иероним (блаженный)
a Персоналии Маймонид Моисей
a Персоналии Платон
a Персоналии Сенека Луций Анней
a Персоналии Фома Аквинский
a Персоналии Хрисостом
a Персоналии Цицерон Марк Туллий
a Персоналии Экхарт Иоганн (Майстер)
650 04 a Основная рубрика история философии
a Основная рубрика философия
653 0_ a Ключевые слова XIII век
a Ключевые слова XIV век
a Ключевые слова аналогия
a Ключевые слова апелляция
a Ключевые слова апофатическая теория
a Ключевые слова бенедиктинцы
a Ключевые слова библейские образы
a Ключевые слова Библия
a Ключевые слова благое
a Ключевые слова Бог
a Ключевые слова богословие
a Ключевые слова божественная истина
a Ключевые слова бытие
a Ключевые слова вещи
a Ключевые слова дух
a Ключевые слова душа
a Ключевые слова жизнь
a Ключевые слова Имя Божие
a Ключевые слова инквизиционный процесс
a Ключевые слова инквизиция
a Ключевые слова Иоанн (апостол)
a Ключевые слова истина
a Ключевые слова мировоззрение
a Ключевые слова мистицизм
a Ключевые слова мистическая философия
a Ключевые слова молитвы
a Ключевые слова мудрость
a Ключевые слова мыслители
a Ключевые слова онтология
a Ключевые слова оправдательные речи
a Ключевые слова ортодоксальность
a Ключевые слова отрешенность
a Ключевые слова Павел (апостол)
a Ключевые слова пантеизм
a Ключевые слова проповеди
a Ключевые слова разум
a Ключевые слова религиоведение
a Ключевые слова религиозно-философские учения
a Ключевые слова Священное писание
a Ключевые слова средние века
a Ключевые слова сущее
a Ключевые слова схоластика
a Ключевые слова теология
a Ключевые слова толкование
a Ключевые слова трактаты
a Ключевые слова учение о Божественной искорке
a Ключевые слова философия религии
a Ключевые слова философские направления
a Ключевые слова философские традиции
a Ключевые слова христианство
a Ключевые слова человек
a Ключевые слова эманация
a Ключевые слова энергия
700 12 a Автор Реутин М. Ю.
e Роль лиц составитель; переводчик; автор предисловия; автор примечаний; редактор
700 12 a Автор Ефремов П. П.
e Роль лиц художник
700 12 a Автор Левит С. Я.
e Роль лиц редактор; составитель серии
700 12 a Автор Скворцов Л. В.
e Роль лиц редактор
700 12 a Автор Бычков В. В.
e Роль лиц редактор
700 12 a Автор Гайденко П. П.
e Роль лиц редактор
700 12 a Автор Давыдов Ю. Н.
e Роль лиц редактор
700 12 a Автор Зверева Г. И.
e Роль лиц редактор
700 12 a Автор Ионин Л. Г.
e Роль лиц редактор
700 12 a Автор Кимелев Ю. А.
e Роль лиц редактор
700 12 a Автор Лезов С. В.
e Роль лиц редактор
700 12 a Автор Маньковская Н. Б.
e Роль лиц редактор
700 12 a Автор Померанц Г. С.
e Роль лиц редактор
700 12 a Автор Руткевич А. М.
e Роль лиц редактор
700 12 a Автор Савельева И. М.
e Роль лиц редактор
700 12 a Автор Тавризян Г. М.
e Роль лиц редактор
700 12 a Автор Ястребицкая А. Л.
e Роль лиц редактор
901 t Тип документа m
952 a Тип литературы для КСУ ВШ НАУ